<?xml version="1.0" encoding="UTF-8"?>
<record
    xmlns:xsi="http://www.w3.org/2001/XMLSchema-instance"
    xsi:schemaLocation="http://www.loc.gov/MARC21/slim http://www.loc.gov/standards/marcxml/schema/MARC21slim.xsd"
    xmlns="http://www.loc.gov/MARC21/slim">

  <leader>02919nam a2200277 a 4500</leader>
  <controlfield tag="001">000018959</controlfield>
  <controlfield tag="003">DO-SdBNP</controlfield>
  <controlfield tag="005">20211208082050.0</controlfield>
  <controlfield tag="008">100521s2006    dr      r     001 p spa d</controlfield>
  <datafield tag="020" ind1=" " ind2=" ">
    <subfield code="a">9993442607</subfield>
  </datafield>
  <datafield tag="040" ind1=" " ind2=" ">
    <subfield code="a">DO-SdBNP</subfield>
    <subfield code="b">spa</subfield>
    <subfield code="c">BNPHU</subfield>
  </datafield>
  <datafield tag="082" ind1=" " ind2="4">
    <subfield code="2">22</subfield>
    <subfield code="b">S693c</subfield>
  </datafield>
  <datafield tag="245" ind1="1" ind2="0">
    <subfield code="a">A la sombra del ca&#xF1;averal :</subfield>
    <subfield code="b">antolog&#xED;a de poetas del Este /</subfield>
    <subfield code="c">Isael P&#xE9;rez ; presentaci&#xF3;n Alejandro Arvelo.</subfield>
  </datafield>
  <datafield tag="260" ind1=" " ind2=" ">
    <subfield code="a">Santo Domingo :</subfield>
    <subfield code="b">Direcci&#xF3;n General de la Feria del Libro,</subfield>
    <subfield code="c">2006.</subfield>
    <subfield code="f">B&#xFA;ho</subfield>
  </datafield>
  <datafield tag="300" ind1=" " ind2=" ">
    <subfield code="a">242 p. ;</subfield>
    <subfield code="c">23 cm.</subfield>
  </datafield>
  <datafield tag="490" ind1="1" ind2=" ">
    <subfield code="a">Ferilibro</subfield>
    <subfield code="v">99</subfield>
  </datafield>
  <datafield tag="500" ind1=" " ind2=" ">
    <subfield code="a">Incluye datos biogr&#xE1;ficos del autor en la solapa</subfield>
  </datafield>
  <datafield tag="500" ind1=" " ind2=" ">
    <subfield code="a">Incluye datos biograficos de los poetas al pie de la p&#xE1;ginas</subfield>
  </datafield>
  <datafield tag="505" ind1="2" ind2=" ">
    <subfield code="a">Presentaci&#xF3;n / Alejandro Arvelo -- La literatura dominicana en la regi&#xF3;n este / Isael P&#xE9;rez -- Hab&#xED;a una vez un hombre llamado s&#xE1;ndalo / N&#xE9;stor Caro -- La m&#xE1;scara del tiempo / Avelino Sanley -- Ni la muerte lo quer&#xED;a / Miguel &#xC1;ngel G&#xF3;mez -- La iniciaci&#xF3;n / Fernando Ure&#xF1;a Rib -- Deseo de cristal / R&#xF3;mulo Zorrilla -- Po&#xE9;tico po&#xE9;tico / N&#xE9;stor Garc&#xED;a -- Los pavos de don Paipul&#xE1;, el ignominioso / H&#xE9;ctor Payano -- Chito / Jos&#xE9; Rijo -- En busca del enganche / Ram&#xF3;m Marrero Aristy -- Cuando los perros se amarraban con longaniza / Justiniano Est&#xE9;vez Aristy -- El juez que se volvi&#xF3; loco / Celio Guerrero -- Muertos que no hacen ruidos / Daniel del Carpio -- Historia de la mujer que se transforma / Rafael Peralta Romero -- La mujer del guerrillero / Bonaparte Gautreaux Pi&#xF1;eyro -- Ay, Rosal&#xED;a / Juan Carlos Mieses -- Los reinos de la ternura / H&#xE9;ctor Williams Zorrilla -- El deseo de morir en su tierra / Juan Mart&#xED;nez Montero -- Posesi&#xF3;n / S&#xE9;lvido Candelario -- Juan Bobo y Pedro Animal / Cecilio D&#xED;az Carela -- Tres granos de sal / Juan Pradios Rojas -- Antes que la luz se acabe / Aquiles Juli&#xE1;n -- La ni&#xF1;a Ana / Billy Laureano -- &#xBF;Porque lo Hiciste? / Ricardo Vega -- Siete letras / Miguel Solano -- La novia del coronel era un travesti / Abel Astacio -- No duermes en cuarto ajeno / Jes&#xFA;s Morales -- Ahora que vuelvo, Ton / Ren&#xE9; del Risco Berm&#xFA;dez -- Senectud / Miguel Phipps Cueto -- La muerte espera en el tranquilo barrio de gascue / Herman Mella Chavier -- Dar para recibir / Mar&#xED;a Aybar -- El sue&#xF1;o / Bernot Berry Mart&#xED;nez -- No eres un hombre, hijo / Iv&#xE1;n Garc&#xED;a Guerra -- El viaje / Manuel Luna V&#xE1;squez -- Charlie / Ricardo Nieves -- La que nunca fue / Bruno Sili&#xE9; -- La dama del lago / Teresita Beltr&#xE9; -- La historia de un perro / Miguel &#xC1;ngel Moncl&#xFA;s -- &#xBF;Qu&#xE9; responden? / Edgar Reyes Tejada -- Oneyda / Claudio Alberto Mustaf&#xE1; -- El Aqueybana o cacique yaquimo / H&#xE9;ctor</subfield>
  </datafield>
  <datafield tag="650" ind1=" " ind2="4">
    <subfield code="a">Poes&#xED;a dominicana</subfield>
    <subfield code="x">Colecciones</subfield>
    <subfield code="9">351</subfield>
  </datafield>
  <datafield tag="650" ind1=" " ind2="4">
    <subfield code="a">Literatura dominicana</subfield>
    <subfield code="x">Colecciones</subfield>
    <subfield code="9">352</subfield>
  </datafield>
  <datafield tag="651" ind1=" " ind2="4">
    <subfield code="a">Rep&#xFA;blica Dominicana</subfield>
    <subfield code="x">Antologias literarias</subfield>
    <subfield code="9">40797</subfield>
  </datafield>
  <datafield tag="700" ind1="1" ind2=" ">
    <subfield code="a">Arvelo, Alejandro</subfield>
    <subfield code="9">147</subfield>
  </datafield>
  <datafield tag="830" ind1=" " ind2="0">
    <subfield code="a">Ferilibro</subfield>
    <subfield code="n">99</subfield>
    <subfield code="9">40798</subfield>
  </datafield>
  <datafield tag="942" ind1=" " ind2=" ">
    <subfield code="2">ddc</subfield>
    <subfield code="c">LBS1</subfield>
  </datafield>
  <datafield tag="952" ind1=" " ind2=" ">
    <subfield code="0">0</subfield>
    <subfield code="1">0</subfield>
    <subfield code="5">4</subfield>
    <subfield code="7">0</subfield>
    <subfield code="8">DS</subfield>
    <subfield code="a">GR</subfield>
    <subfield code="b">GR</subfield>
    <subfield code="c">HD</subfield>
    <subfield code="d">2010-10-19</subfield>
    <subfield code="i">LF1</subfield>
    <subfield code="l">0</subfield>
    <subfield code="o">RD861.08 S693c </subfield>
    <subfield code="p">18959-30</subfield>
    <subfield code="r">2020-06-25</subfield>
    <subfield code="t">e. 3</subfield>
    <subfield code="w">2020-06-25</subfield>
    <subfield code="y">LFDS</subfield>
    <subfield code="Z">Pr&#xE9;stamo en sala</subfield>
  </datafield>
  <datafield tag="952" ind1=" " ind2=" ">
    <subfield code="0">0</subfield>
    <subfield code="1">0</subfield>
    <subfield code="5">4</subfield>
    <subfield code="7">0</subfield>
    <subfield code="8">DS</subfield>
    <subfield code="a">GR</subfield>
    <subfield code="b">GR</subfield>
    <subfield code="c">HD</subfield>
    <subfield code="d">2010-10-19</subfield>
    <subfield code="i">LF1</subfield>
    <subfield code="l">0</subfield>
    <subfield code="o">RD861.08 S693c </subfield>
    <subfield code="p">18959-40</subfield>
    <subfield code="r">2020-06-25</subfield>
    <subfield code="t">e. 4</subfield>
    <subfield code="w">2020-06-25</subfield>
    <subfield code="y">LFDS</subfield>
    <subfield code="Z">Pr&#xE9;stamo en sala</subfield>
  </datafield>
  <datafield tag="952" ind1=" " ind2=" ">
    <subfield code="0">0</subfield>
    <subfield code="1">0</subfield>
    <subfield code="5">4</subfield>
    <subfield code="7">0</subfield>
    <subfield code="8">DS</subfield>
    <subfield code="a">GR</subfield>
    <subfield code="b">GR</subfield>
    <subfield code="c">HD</subfield>
    <subfield code="d">2010-10-19</subfield>
    <subfield code="i">LF1</subfield>
    <subfield code="l">0</subfield>
    <subfield code="o">RD861.08 S693c </subfield>
    <subfield code="p">18959-50</subfield>
    <subfield code="r">2020-06-25</subfield>
    <subfield code="t">e. 5</subfield>
    <subfield code="w">2020-06-25</subfield>
    <subfield code="y">LFDS</subfield>
    <subfield code="Z">Pr&#xE9;stamo en sala</subfield>
  </datafield>
  <datafield tag="952" ind1=" " ind2=" ">
    <subfield code="0">0</subfield>
    <subfield code="1">0</subfield>
    <subfield code="7">1</subfield>
    <subfield code="8">PD</subfield>
    <subfield code="a">PD</subfield>
    <subfield code="b">PD</subfield>
    <subfield code="c">HD</subfield>
    <subfield code="d">2010-05-21</subfield>
    <subfield code="i">LF1</subfield>
    <subfield code="l">0</subfield>
    <subfield code="o">RD861.08 S693c </subfield>
    <subfield code="p">18959-10</subfield>
    <subfield code="r">2020-06-25</subfield>
    <subfield code="w">2020-06-25</subfield>
    <subfield code="y">LFPD</subfield>
    <subfield code="Z">No se presta</subfield>
  </datafield>
  <datafield tag="952" ind1=" " ind2=" ">
    <subfield code="0">0</subfield>
    <subfield code="1">0</subfield>
    <subfield code="7">1</subfield>
    <subfield code="8">PD</subfield>
    <subfield code="a">PD</subfield>
    <subfield code="b">PD</subfield>
    <subfield code="c">HD</subfield>
    <subfield code="d">2010-05-21</subfield>
    <subfield code="i">LF1</subfield>
    <subfield code="l">0</subfield>
    <subfield code="o">RD861.08 S693c </subfield>
    <subfield code="p">18959-20</subfield>
    <subfield code="r">2020-06-25</subfield>
    <subfield code="t">e. 2</subfield>
    <subfield code="w">2020-06-25</subfield>
    <subfield code="y">LFPD</subfield>
    <subfield code="Z">No se presta</subfield>
  </datafield>
  <datafield tag="999" ind1=" " ind2=" ">
    <subfield code="c">18477</subfield>
    <subfield code="d">18477</subfield>
  </datafield>
</record>
